Countries by Old Name - Statistics

General Stats
  • This quiz has been taken 73 times
  • The average score is 7 of 10
Answer Stats
Old Name Country % Correct
Persia Iran
93%
Rhodesia Zimbabwe
90%
Siam Thailand
87%
Ceylon Sri Lanka
83%
Southwest Africa Namibia
80%
Transjordan Jordan
77%
Tanganyika Tanzania
64%
Abyssinia Ethiopia
57%
Basutoland Lesotho
35%
New Grenada Colombia
20%
No matching quizzes found
Score Distribution
Percent of People with Each Score
Percentile by Number Answered
Your Score History
You have not taken this quiz